How to Crack Civil Services@21: Success code for civil services examination/ (Record no. 176290)

MARC details
000 -LEADER
fixed length control field 00685nam a22001817a 4500
005 - DATE AND TIME OF LATEST TRANSACTION
control field 20201210123301.0
010 ## - LCCN (DPL NO)
LC control number ENG-128650
020 ## - INTERNATIONAL STANDARD BOOK NUMBER
International Standard Book Number 978-93-84361-46-4
Terms of availability 199.00
035 ## - SYSTEM CONTROL NUMBER
System control number EN-112182
037 ## - SOURCE OF ACQUISITION
Source of stock number/acquisition DBAD/PUB
082 ## - DEWEY DECIMAL CLASSIFICATION NUMBER
Classification number 000
100 ## - MAIN ENTRY--PERSONAL NAME
Personal name Rao, B. L. Hanumantha
245 ## - TITLE STATEMENT
Title How to Crack Civil Services@21: Success code for civil services examination/
Remainder of title B. L. Hanumantha Rao
260 ## - PUBLICATION, DISTRIBUTION, ETC. (IMPRINT)
Place of publication, distribution, etc Andhra Pradesh
Name of publisher, distributor, etc Maruthi Publications
Date of publication, distribution, etc 2017
270 ## - ADDRESS
City Andhra Pradesh
Postal code 522001
Address 9-4-95, Maruthi Manikanta Nilayam, 3rd Lane, Railpet, Gunter
Electronic mail address contact@maruthipublications.com
Telephone number 2224032
Fax number 91 863 2220566
300 ## - PHYSICAL DESCRIPTION
Extent 188p.
Dimensions 22cm(pbk)
942 ## - ADDED ENTRY ELEMENTS (KOHA)
Source of classification or shelving scheme Dewey Decimal Classification
Item type English Books
Classification part 000
Call number suffix RAO
Holdings
Withdrawn status Lost status Not for loan Collection code Home library Current library Date acquired Source of acquisition Cost, normal purchase price Full call number Barcode Copy number Cost, replacement price Koha item type
      Non-fiction Ashok Vihar Ashok Vihar 10/12/2020 DBAD/PUB 199.00 000 RAO EN-112182 1 199.00 English Books

© Delhi Public Library
Hit Counter
free hit counter